00538 2200205 4500001002100000005001700021008004100038020001800079035002400097082001000121090002000131100001400151245006300165300004000228440001600268850001200284980001500296985000600311999001500317YOGYA-0209000005245320090227032950.0 ind  a979-410-027-7 0010-020900000052453 a739.5 a739.5bSar BlT aSARASWATI aBerkreasidengan kuningan dan tembagabmenuju wiraswasta 27 aJakartabBharata Karya Aksarac1987 avii, 29 hlm aYOPDYOG a29-11-2007 a1 aP000029277